| 000 | 00489nam a2200181Ia 4500 | ||
|---|---|---|---|
| 005 | 20250326124404.0 | ||
| 008 | 250326s9999 xx 000 0 und d | ||
| 037 | _aTextbook | ||
| 040 |
_aFMSL _beng _cFMSL |
||
| 041 |
_aeng _2eng |
||
| 084 |
_aX:75.44 M7;4 _qFMSL |
||
| 100 | _aChakravarty S | ||
| 245 | 0 |
_aDEvelopment planning _cChakravarty S |
|
| 260 |
_aOxford _bOxford, Clarendon _c1987 |
||
| 300 | _a137p | ||
| 942 |
_cTB _hX:75.44 M7;4 |
||
| 999 |
_c1273520 _d1273520 |
||